书目信息 |
| 题名: |
莎士比亚研究
|
|
| 作者: | 张可 译 | |
| 分册: | ||
| 出版信息: | 上海 上海译文出版社 1982 |
|
| 页数: | 206页 | |
| 开本: | 19cm | |
| 丛书名: | ||
| 单 册: | ||
| 中图分类: | I561.06 | |
| 科图分类: | ||
| 主题词: | 文学评论--英国 , 文学研究--英国 | |
| 电子资源: | ||
| ISBN: | ||
| 000 | 00681nam0 2200253 45 | |
| 001 | 0182002444 | |
| 005 | 20041227111012.7 | |
| 010 | @dCNY0.65 | |
| 091 | @a10188.298 | |
| 100 | @a19950603d1982 em y0chiy0121 ea | |
| 101 | 1 | @achi |
| 102 | @aCN@b310000 | |
| 105 | @ay r 000zd | |
| 200 | 10 | @a莎士比亚研究@Asha shi bi ya yan jiu@f张可译@FZhang Ke Yi |
| 210 | @a上海@c上海译文出版社@d1982 | |
| 215 | @a206页@d19cm | |
| 600 | 1 | @a莎士比亚@bW.-@x戏剧文学@x文学研究 |
| 606 | @a文学评论@y英国 | |
| 606 | @a文学研究@y英国 | |
| 690 | @aI561.06@v3 | |
| 701 | 0 | @a张可@4译 |
| 801 | 0 | @aCN@b上海图书馆@c20040409 |
| 801 | 2 | @aCN@bNLC@c20040409 |
| 905 | @dI561.06@e110@f1@b167399 | |
| 莎士比亚研究/张可译.-上海:上海译文出版社,1982 |
| 206页;19cm |
| ISBN :CNY0.65 |
| ● |
| 相关链接 |
|
|
|
|
正题名:莎士比亚研究
索取号:I561.06/110
 
预约/预借
| 序号 | 登录号 | 条形码 | 馆藏地/架位号 | 状态 | 备注 |
| 1 | 0107209 | 000680123 | 第二借阅区/ [索取号:I561.06/110] | 在馆 | |
| 2 | 0107210 | 000679901 | 第二借阅区/ [索取号:I561.06/110] | 在馆 | |
| 3 | 0107211 | 000680132 | 第二借阅区/ [索取号:I561.06/110] | 在馆 | |
| 4 | 0167398 | 000680098 | 第一样本阅览室/ [索取号:I561.06/110] | 在馆 | |
| 5 | 0167399 | 001967526 | 第二借阅区/ [索取号:I561.06/110] | 在馆 | |
| 6 | 0167400 | 000680105 | 第二借阅区/ [索取号:I561.06/110] | 在馆 | |
| 7 | 0167401 | 000679992 | 第二借阅区/ [索取号:I561.06/110] | 在馆 | |
| 8 | 0167402 | 000680052 | 第二借阅区/ [索取号:I561.06/110] | 在馆 |